000 00587nam a2200181Ia 4500
003 GCL
008 140319s9999 xx 000 0 ara d
040 _aGCL /
_cGCL
082 0 4 _a813.01
_bش ا
100 1 _aشوقى عبدالحكيم
245 1 0 _aالاعمال الكاملة: شوقى عبدالحكيم /
_cشوقى عبدالحكيم
300 _a283 ص
490 _aالهيئة العامة للاستعلامات
_v0
650 0 4 _aالادب العربى
650 0 4 _aالقصص العربية
650 0 4 _aالقصص العربية القصيرة
942 _2ddc
_cBK
999 _c49982
_d49982